000 00534 a2200229 4500
001 113496
020 _a8532259618
041 _apor
090 _aP Year 3 028
100 _aCappelli, Alba.
250 _aEd. renovada.
300 _a16 p.
490 _aLua de papel
697 _aLiteratura infantojuvenil.
697 _aConto.
830 _aLua de papel
856 _u000024/00002403.jpg
040 _aBR-BrIDEA
_cBR-BrIDEA
245 1 0 _aO burro e o sal
_c Alba Cappelli
260 _a[S.l.]
_bFTD
_c2006
942 _cBK
999 _c113496
_d113496